The Oxford dictionary of statistical terms

Αποθηκεύτηκε σε:
Λεπτομέρειες βιβλιογραφικής εγγραφής
Άλλοι συγγραφείς: Dodge, Yadolah 1944- (Επιμελητής έκδοσης)
Μορφή: Βιβλίο
Γλώσσα:English
Δημοσίευση: Oxford : Oxford University Press, 2006, 2003
Έκδοση:6th ed.
Θέματα:
Ετικέτες: Προσθήκη ετικέτας
Δεν υπάρχουν, Καταχωρήστε ετικέτα πρώτοι!

MARC

LEADER 00000nam a2200000 i 4500
001 1/87065
008 080529r20062003 eng d
020 |a 978-0-19-920613-1 (pbk.) 
020 |a 0-19-920613-9 (pbk.) 
035 |l 10097789 
040 |a GR-MY-UA  |b gre  |e aacr 
041 0 |a eng 
082 0 |a 519.503  |2 (22) 
245 1 4 |a The Oxford dictionary of statistical terms /  |c editor Yadolah Dodge 
250 |a 6th ed. 
260 |a Oxford :   |b Oxford University Press,   |c 2006, 2003 
300 |a vii, 498 σ.;  |c 23 εκ. 
504 |a Βιβλιογραφία: σ. 439-498 
650 0 0 |a Statistics  |x Dictionaries. 
700 1 |a Dodge, Yadolah  |d 1944-  |4 edt 
852 |a INST  |b LESVOS  |e 20080529  |h 519.503 OXF  |p 005100042328  |q 005100042328  |t REF  |y 23 
901 |a BIBL1-2008-2 
909 |a Λ  |b 152663 
922 |a 1ΕΛΗ  |b 200803  |c ΕΠΕΑΕΚ2/ΤΕΘ  |d ΕΛΕΥΘΕΡΟΥΔΑΚΗΣ 
970 |a ΓΙΑΛΑΜΑ  |b ΜΑΡΙΑ  |z 2008/05/29